| 000 | 00480nam a22001937a 4500 | ||
|---|---|---|---|
| 003 | MPLRDC | ||
| 005 | 20220104154628.0 | ||
| 008 | 210129b ||||| |||| 00| 0 eng d | ||
| 020 | _a7-5379-3390-1 | ||
| 082 | _a855 YQY-29 | ||
| 100 | _a余秋雨 | ||
| 245 |
_a非亚之旅 _c |
||
| 250 | _a初版 | ||
| 260 |
_a中国 _b希望出版社 _c2004 |
||
| 300 | _b236 | ||
| 490 | _a跟随余秋雨的脚步系列 | ||
| 650 | _a散文;随笔、日记 | ||
| 942 |
_cBK _o855 YQY-29 |
||
| 999 |
_c54084 _d54074 |
||